[Event "CZE-chT2"]
[Site "Czech Republic"]
[Date "1995.??.??"]
[Round "?"]
[White "Hachaj, Adam"]
[Black "Pletanek, Jan"]
[Result "1/2-1/2"]
[WhiteElo "2285"]
[BlackElo "2275"]
[PlyCount "111"]
[EventDate "1995.??.??"]
[EventType "team"]
[EventRounds "11"]
[EventCountry "CZE"]
[SourceTitle "EXT 1997"]
[Source "ChessBase"]
[SourceDate "1996.11.15"]
[SourceVersion "1"]
[SourceVersionDate "1996.11.15"]
[SourceQuality "1"]

1. Nf3 Nf6 2. g3 g6 3. Bg2 Bg7 4. 0-0 0-0 5. d3 d6 6. e4 c5 7. h3 Nc6 8. c3 c4 9. Re1 cxd3 10. Qxd3 Nd7 11. Bf4 Qa5 12. Nbd2 Nde5 13. Nxe5 Nxe5 14. Bxe5 Qxe5 15. Nc4 Qc5 16. Ne3 Bd7 17. Nd5 Rfe8 18. Rad1 Rad8 19. Bf1 Qc8 20. Kh2 e6 21. Ne3 Bc6 22. Bg2 b5 23. f4 Qb7 24. e5 Bxg2 25. Nxg2 Bf8 26. exd6 Rxd6 27. Qe2 Red8 28. Ne3 h5 29. Nc2 h4 30. Rxd6 Bxd6 31. Qe4 hxg3+ 32. Kxg3 Qe7 33. h4 g5 34. hxg5 Qxg5+ 35. Kf3 Qh5+ 36. Ke3 Qh3+ 37. Kf2 Be7 38. Rg1+ Kf8 39. Nd4 b4 40. Rh1 Bh4+ 41. Ke2 Qg3 42. Qf3 Qxf3+ 43. Kxf3 Bf6 44. Ke4 bxc3 45. bxc3 Bxd4 46. cxd4 Rd5 47. a4 Ra5 48. Ra1 Ke7 49. Ra2 Kd6 50. Kd3 Rf5 51. Rf2 Kd5 52. Rc2 Kd6 53. Rf2 Ra5 54. Ra2 Kd5 55. Ra1 f6 56. Ra2 1/2-1/2

[Event "CZE-chT2"]
[Site "Czech Republic"]
[Date "1995.??.??"]
[Round "?"]
[White "Vybiral, Zdenek"]
[Black "Hachaj, Adam"]
[Result "0-1"]
[WhiteElo "2170"]
[BlackElo "2285"]
[PlyCount "60"]
[EventDate "1995.??.??"]
[EventType "team"]
[EventRounds "11"]
[EventCountry "CZE"]
[SourceTitle "EXT 1997"]
[Source "ChessBase"]
[SourceDate "1996.11.15"]
[SourceVersion "1"]
[SourceVersionDate "1996.11.15"]
[SourceQuality "1"]

1. d4 Nf6 2. c4 e6 3. Nf3 c5 4. e3 cxd4 5. exd4 d5 6. Nc3 Nc6 7. Bg5 Be7 8. c5 0-0 9. Bb5 Ne4 10. Nxe4 dxe4 11. Bxc6 bxc6 12. Bxe7 Qxe7 13. Ne5 Ba6 14. Qc2 f6 15. Nxc6 Qb7 16. Na5 Qd5 17. Nb3 Bd3 18. Qd2 a5 19. Qe3 Rfb8 20. Nc1 Ba6 21. b3 Rb4 22. Ne2 Bxe2 23. Kxe2 a4 24. Rhd1 axb3 25. axb3 Rxa1 26. Rxa1 Rxb3 27. Ra8+ Kf7 28. Ra7+ Kg6 29. Qf4 Qc4+ 30. Ke1 Rb1+ 0-1